000 00533nam a2200169Ia 4500
008 090711s9999 xx 000 0 und d
082 _b17398
100 _aभावे पुरुषोत्तम भा.
245 _aआनंद सोपान
260 _c1965
300 _a136
600 _aभावे पुरुषोत्तम भा.
630 _aआनंद सोपान
700 _aभावे पुरुषोत्तम भा.
730 _aआनंद सोपान
942 _cBOOK
999 _c299087
_d299087